[Event "EU-Cup 36th"]
[Site "Struga"]
[Date "2021.09.22"]
[Round "5.5"]
[White "Blake, J Morgan"]
[Black "Zymberi, Astrit"]
[Result "1/2-1/2"]
[WhiteElo "2006"]
[BlackElo "2107"]
[PlyCount "63"]
[EventDate "2021.09.18"]
[EventType "team-swiss"]
[EventRounds "7"]
[EventCountry "MKD"]
[SourceTitle "CBM 204 Extra"]
[Source "ChessBase"]
[SourceDate "2021.11.30"]
[SourceVersion "1"]
[SourceVersionDate "2021.11.30"]
[SourceQuality "1"]
[WhiteTeam "Sussex Martlets"]
[BlackTeam "Drejtesia"]
[WhiteTeamCountry "ENG"]
[BlackTeamCountry "KOS"]

1. d4 Nf6 2. Nf3 g6 3. Nbd2 Bg7 4. e4 d6 5. Bc4 0-0 6. Qe2 c6 7. Bb3 Nh5 8. Nf1 e5 9. dxe5 dxe5 10. Bg5 Qc7 11. 0-0-0 h6 12. Be3 Nf4 13. Qd2 Nxg2 14. Bxh6 Nf4 15. Bxg7 Kxg7 16. Ne3 Na6 17. Kb1 Nc5 18. Nc4 f6 19. h4 Bg4 20. Qe3 Nce6 21. h5 Bxh5 22. Nd6 Rh8 23. Rhg1 Kf8 24. Bxe6 Nxe6 25. Nh4 Nf4 26. Rd2 Rd8 27. Qxa7 Rh7 28. Qa3 Kg8 29. Qb3+ Kf8 30. Qa3 Kg8 31. Qb3+ Kf8 32. Qa3 1/2-1/2

[Event "EU-Cup 36th"]
[Site "Struga"]
[Date "2021.09.18"]
[Round "1.7"]
[White "Huzman, Alexander"]
[Black "Zymberi, Astrit"]
[Result "1/2-1/2"]
[WhiteElo "2547"]
[BlackElo "2107"]
[PlyCount "52"]
[EventDate "2021.09.18"]
[EventType "team-swiss"]
[EventRounds "7"]
[EventCountry "MKD"]
[SourceTitle "CBM 204 Extra"]
[Source "ChessBase"]
[SourceDate "2021.11.30"]
[SourceVersion "1"]
[SourceVersionDate "2021.11.30"]
[SourceQuality "1"]
[WhiteTeam "Beer Sheva"]
[BlackTeam "Drejtesia"]
[WhiteTeamCountry "ISR"]
[BlackTeamCountry "KOS"]

1. Nf3 d5 2. d4 Nf6 3. c4 dxc4 4. e3 Bg4 5. Bxc4 e6 6. h3 Bh5 7. Be2 Nc6 8. Nbd2 Bd6 9. 0-0 0-0 10. Nc4 Qe7 11. b3 Nd5 12. Bb2 f5 13. Nfe5 Bxe2 14. Nxc6 bxc6 15. Qxe2 f4 16. exf4 Nxf4 17. Qe4 Qh4 18. Rae1 Rf6 19. Nxd6 Rg6 20. g3 Rxg3+ 21. fxg3 Qxg3+ 22. Kh1 Qxh3+ 23. Kg1 Qg3+ 24. Kh1 Qh3+ 25. Kg1 Qg3+ 26. Kh1 Qh3+ 1/2-1/2

[Event "London Classic op 11th"]
[Site "London"]
[Date "2019.12.02"]
[Round "5"]
[White "Zymberi, Astrit"]
[Black "Varsha, Ramesh"]
[Result "1/2-1/2"]
[WhiteElo "2148"]
[BlackElo "1669"]
[PlyCount "48"]
[EventDate "2019.11.29"]
[EventType "swiss"]
[EventRounds "9"]
[EventCountry "ENG"]
[SourceTitle "CBM 193 Extra"]
[Source "ChessBase"]
[SourceDate "2020.01.31"]
[SourceVersion "1"]
[SourceVersionDate "2020.01.31"]
[SourceQuality "1"]

1. d4 Nf6 2. c4 e6 3. Nc3 Bb4 4. e3 b6 5. Nge2 Bb7 6. a3 Be7 7. d5 0-0 8. g3 b5 9. Bg2 bxc4 10. e4 Na6 11. 0-0 Nc5 12. e5 Nxd5 13. Nxd5 Bxd5 14. Bxd5 exd5 15. Qxd5 Nd3 16. f4 Qb8 17. Be3 Qxb2 18. Nd4 Qc3 19. Nf5 Bxa3 20. Bd4 Qb3 21. Rab1 Qa4 22. Ra1 Qb3 23. Rab1 Qa4 24. Ra1 Qb3 1/2-1/2

[Event "London Classic op 11th"]
[Site "London"]
[Date "2019.11.30"]
[Round "2"]
[White "Ahn, Sungmin"]
[Black "Zymberi, Astrit"]
[Result "1-0"]
[WhiteElo "1780"]
[BlackElo "2148"]
[PlyCount "69"]
[EventDate "2019.11.29"]
[EventType "swiss"]
[EventRounds "9"]
[EventCountry "ENG"]
[SourceTitle "CBM 193 Extra"]
[Source "ChessBase"]
[SourceDate "2020.01.31"]
[SourceVersion "1"]
[SourceVersionDate "2020.01.31"]
[SourceQuality "1"]

1. e4 c5 2. Nf3 e6 3. c3 Nf6 4. e5 Nd5 5. d4 cxd4 6. cxd4 d6 7. Bc4 Nb6 8. Bd3 Nc6 9. 0-0 Nb4 10. Be2 Bd7 11. Nc3 Bc6 12. a3 N4d5 13. Ne4 Be7 14. Bd3 h6 15. Re1 dxe5 16. Nxe5 Nf6 17. Nc3 Qxd4 18. Nxf7 Qh4 19. g3 Qh3 20. Bf1 Qf5 21. Nxh8 Ng4 22. Qe2 Bc5 23. Be3 Nxe3 24. fxe3 0-0-0 25. b4 Be7 26. Nb5 Rxh8 27. Nxa7+ Kc7 28. Rac1 Ra8 29. Nxc6 bxc6 30. Bg2 Kd8 31. Red1+ Nd5 32. e4 Qe5 33. Qd3 Bg5 34. Rxc6 Be3+ 35. Qxe3 1-0

[Event "London Classic op 11th"]
[Site "London"]
[Date "2019.11.30"]
[Round "3"]
[White "Zymberi, Astrit"]
[Black "Lovell, William Pm"]
[Result "1/2-1/2"]
[WhiteElo "2148"]
[BlackElo "1843"]
[PlyCount "74"]
[EventDate "2019.11.29"]
[EventType "swiss"]
[EventRounds "9"]
[EventCountry "ENG"]
[SourceTitle "CBM 193 Extra"]
[Source "ChessBase"]
[SourceDate "2020.01.31"]
[SourceVersion "1"]
[SourceVersionDate "2020.01.31"]
[SourceQuality "1"]

1. d4 d5 2. c4 dxc4 3. e4 e5 4. Nf3 Bb4+ 5. Nc3 exd4 6. Nxd4 Bxc3+ 7. bxc3 Qe7 8. f3 Nf6 9. Bxc4 0-0 10. Qb3 c5 11. Qa3 Nxe4 12. 0-0 Nxc3 13. Bd2 Qe5 14. Nb3 Ne2+ 15. Kh1 Nf4 16. Rfe1 Qf6 17. Nxc5 Nc6 18. Ne4 Qd4 19. Bb3 Nd3 20. Be3 Qb4 21. Bxf7+ Rxf7 22. Qxd3 Bf5 23. Bd2 Bxe4 24. Rxe4 Qb6 25. Rae1 Qd8 26. Qc4 Qd7 27. Bc3 Kh8 28. Qe2 Rff8 29. Qb2 Rad8 30. h4 Rf7 31. h5 h6 32. Re6 Kh7 33. Rg6 Qd5 34. Rxg7+ Rxg7 35. Bxg7 Qxh5+ 36. Kg1 Qc5+ 37. Kf1 Qc4+ 1/2-1/2

[Event "EU-Cup 35th"]
[Site "Ulcinj"]
[Date "2019.11.14"]
[Round "5.15"]
[White "Zymberi, Astrit"]
[Black "De Jong, Jan Willem"]
[Result "0-1"]
[WhiteElo "2148"]
[BlackElo "2446"]
[PlyCount "64"]
[EventDate "2019.11.10"]
[EventType "team-swiss"]
[EventRounds "7"]
[EventCountry "MNE"]
[SourceTitle "CBM 193 Extra"]
[Source "ChessBase"]
[SourceDate "2020.01.31"]
[SourceVersion "1"]
[SourceVersionDate "2020.01.31"]
[SourceQuality "1"]
[WhiteTeam "Drejtesia"]
[BlackTeam "Leiden LSG"]
[WhiteTeamCountry "KOS"]
[BlackTeamCountry "NED"]

1. d4 Nf6 2. c4 e6 3. Nc3 Bb4 4. e3 0-0 5. Nge2 Re8 6. a3 Bf8 7. d5 a5 8. Ng3 Na6 9. Be2 Nc5 10. b3 a4 11. bxa4 d6 12. 0-0 g6 13. Rb1 Bg7 14. dxe6 Bxe6 15. e4 Bd7 16. f3 Nxa4 17. Nxa4 Bxa4 18. Qd2 b6 19. Bb2 Bc6 20. Bd3 Nd7 21. Bxg7 Kxg7 22. f4 Qf6 23. e5 dxe5 24. f5 Qh4 25. fxg6 hxg6 26. c5 Rh8 27. Be4 Rxa3 28. Rf3 Rxf3 29. gxf3 Bxe4 30. Nxe4 Nxc5 31. Nxc5 bxc5 32. Rd1 Qd4+ 0-1

[Event "Pristina op"]
[Site "Pristina"]
[Date "2019.07.03"]
[Round "8"]
[White "Hyseni, Nuridin"]
[Black "Zymberi, Astrit"]
[Result "1/2-1/2"]
[WhiteElo "1820"]
[BlackElo "2161"]
[PlyCount "129"]
[EventDate "2019.06.28"]
[EventType "swiss"]
[EventRounds "9"]
[EventCountry "KOS"]
[SourceTitle "CBM 191 Extra"]
[Source "ChessBase"]
[SourceDate "2019.09.30"]
[SourceVersion "1"]
[SourceVersionDate "2019.09.30"]
[SourceQuality "1"]

1. c4 Nf6 2. Nc3 g6 3. g3 c6 4. Bg2 d5 5. cxd5 cxd5 6. d4 Bg7 7. e3 0-0 8. Nge2 Nc6 9. 0-0 b6 10. b3 Ba6 11. Re1 e6 12. Ba3 Re8 13. Rc1 Rc8 14. Qd2 h5 15. Rc2 h4 16. Rec1 hxg3 17. Nxg3 Ne7 18. Bf1 Bxf1 19. Kxf1 Qd7 20. Bxe7 Rxe7 21. Nxd5 exd5 22. Rxc8+ Kh7 23. Kg2 Ne4 24. Qd1 Ng5 25. Kh1 Qh3 26. Qf1 Qg4 27. Qg2 Rd7 28. R8c2 Bf8 29. Ne2 Qf5 30. Nf4 Ba3 31. h4 Bxc1 32. Rxc1 Ne4 33. f3 Nf6 34. Qg5 Qxg5 35. hxg5 Nh5 36. Nxh5 gxh5 37. Kg2 Kg6 38. f4 Rd6 39. b4 b5 40. Rc5 a6 41. Kf3 f6 42. gxf6 Kxf6 43. a4 bxa4 44. Ra5 h4 45. Rxa4 h3 46. Kg3 Kf5 47. Kf3 h2 48. Ra1 Rh6 49. Kg2 Ke4 50. Re1 Kd3 51. f5 Kd2 52. Rh1 Kxe3 53. Kg3 Kxd4 54. Kf4 Kc3 55. Kg5 Rh8 56. f6 d4 57. f7 Rf8 58. Kf6 d3 59. Rxh2 d2 60. Rh1 Kc2 61. Ke7 Rb8 62. f8Q Rxf8 63. Kxf8 d1Q 64. Rxd1 Kxd1 65. Ke7 1/2-1/2

[Event "KOS CupT"]
[Site "Pristina"]
[Date "2019.01.06"]
[Round "3.1"]
[White "Budima, Armend"]
[Black "Zymberi, Astrit"]
[Result "0-1"]
[WhiteElo "2197"]
[BlackElo "2157"]
[PlyCount "80"]
[EventDate "2019.01.04"]
[EventType "team-tourn"]
[EventRounds "3"]
[EventCountry "KOS"]
[SourceTitle "EXT 2021"]
[Source "ChessBase"]
[SourceDate "2020.10.23"]
[SourceVersion "1"]
[SourceVersionDate "2020.10.23"]
[SourceQuality "1"]
[WhiteTeam "Dardania"]
[BlackTeam "Drejtesia"]
[WhiteTeamCountry "KOS"]
[BlackTeamCountry "KOS"]

1. e4 c5 2. Nf3 e6 3. d4 cxd4 4. Nxd4 Nc6 5. Nc3 Qc7 6. Be3 a6 7. Qf3 d6 8. Nxc6 Qxc6 9. a4 Nf6 10. Bd3 Be7 11. Qg3 0-0 12. Bh6 Ne8 13. Bg5 Bxg5 14. Qxg5 Nf6 15. 0-0 b6 16. Rfe1 e5 17. Re3 h6 18. Qh4 Be6 19. Rg3 Kh8 20. Re1 Qc8 21. h3 Qd8 22. Ree3 Ng8 23. Qh5 g6 24. Qe2 Qc8 25. Qd2 Kg7 26. Be2 Rd8 27. Rd3 Qc6 28. Bg4 Nf6 29. Qe3 b5 30. axb5 axb5 31. Rd2 b4 32. Nd5 Bxd5 33. exd5 Ra1+ 34. Kh2 Qa6 35. Be2 Qa5 36. Bc4 Rb1 37. Rf3 Nh5 38. g4 Qa1 39. Rxf7+ Kxf7 40. Qxh6 Rh1+ 0-1

[Event "EU-Cup 34th"]
[Site "Porto Carras"]
[Date "2018.10.17"]
[Round "6.2"]
[White "Zymberi, Astrit"]
[Black "Warmerdam, Max"]
[Result "1-0"]
[WhiteElo "2115"]
[BlackElo "2417"]
[PlyCount "113"]
[EventDate "2018.10.12"]
[EventType "team-swiss"]
[EventRounds "7"]
[EventCountry "GRE"]
[SourceTitle "CBM 187"]
[Source "ChessBase"]
[SourceDate "2018.12.11"]
[SourceVersion "1"]
[SourceVersionDate "2018.12.11"]
[SourceQuality "1"]
[WhiteTeam "Drejtesia"]
[BlackTeam "Apeldoorn MuConsult"]
[WhiteTeamCountry "KOS"]
[BlackTeamCountry "NED"]

1. d4 Nf6 2. c4 g6 3. f3 Bg7 4. e4 d6 5. Ne2 0-0 6. Be3 c5 7. Qd2 b6 8. d5 e6 9. Nec3 exd5 10. cxd5 Ba6 11. Bxa6 Nxa6 12. 0-0 Nd7 13. Qe2 Nc7 14. a4 f5 15. exf5 Re8 16. Kh1 Bd4 17. Nd1 Bxe3 18. Nxe3 Qe7 19. Ra3 gxf5 20. f4 Qf6 21. Qh5 Rf8 22. Nc3 a6 23. Rf3 Rae8 24. Ra1 Re7 25. Raf1 Kh8 26. Rg3 Qf7 27. Qh6 Qf6 28. Qh5 b5 29. axb5 axb5 30. Ncd1 Rg7 31. Rxg7 Kxg7 32. Rf3 Kh8 33. Rh3 Rf7 34. Rg3 Ne8 35. Rg5 Ng7 36. Qe2 c4 37. Nc3 Re7 38. Nxb5 Nc5 39. Rg3 Nd3 40. h3 Qxb2 41. Qxb2 Nxb2 42. Nxd6 c3 43. Nc2 Nd1 44. Nb5 Re2 45. Nbd4 Re8 46. Kg1 Nh5 47. Rd3 Nb2 48. Rxc3 Nxf4 49. d6 Rd8 50. Rc6 Kg8 51. Nxf5 Kf7 52. Ncd4 Kf6 53. Kh2 Nbd3 54. g3 Nd5 55. d7+ Kf7 56. Rd6 N3b4 57. Nf3 1-0

[Event "EU-Cup 34th"]
[Site "Porto Carras"]
[Date "2018.10.16"]
[Round "5.3"]
[White "Zymberi, Astrit"]
[Black "Novik, Maxim"]
[Result "1/2-1/2"]
[WhiteElo "2115"]
[BlackElo "2461"]
[PlyCount "97"]
[EventDate "2018.10.12"]
[EventType "team-swiss"]
[EventRounds "7"]
[EventCountry "GRE"]
[SourceTitle "CBM 187"]
[Source "ChessBase"]
[SourceDate "2018.12.11"]
[SourceVersion "1"]
[SourceVersionDate "2018.12.11"]
[SourceQuality "1"]
[WhiteTeam "Drejtesia"]
[BlackTeam "Overtime"]
[WhiteTeamCountry "KOS"]
[BlackTeamCountry "LTU"]

1. d4 Nf6 2. c4 g6 3. f3 c5 4. d5 e6 5. e4 exd5 6. cxd5 d6 7. Ne2 b5 8. a4 b4 9. Bg5 Bg7 10. Ng3 h6 11. Be3 0-0 12. Nd2 Nbd7 13. Nc4 Nb6 14. Qd2 Kh7 15. a5 Nxc4 16. Bxc4 Nd7 17. 0-0 Ne5 18. Be2 h5 19. h3 h4 20. Nh1 f5 21. f4 Nf7 22. e5 dxe5 23. Bxc5 Re8 24. fxe5 Bxe5 25. Bxb4 Rb8 26. Rfd1 Rxb4 27. Qxb4 Bd6 28. Qd2 Bc5+ 29. Kf1 Qd6 30. Ra4 g5 31. Bb5 Be3 32. Qd3 Re7 33. Re1 Qe5 34. Rxe3 Qxe3 35. Qxe3 Rxe3 36. Rc4 Rb3 37. Rxc8 Rxb5 38. Rc7 Kg6 39. Rxa7 Rxb2 40. Ra6+ Kg7 41. Nf2 Rd2 42. Rb6 Rxd5 43. a6 Ne5 44. Ke2 Ra5 45. Nd1 Ra2+ 46. Kf1 Ra1 47. Ke2 Ra2+ 48. Kf1 Ra1 49. Ke1 1/2-1/2

[Event "EU-Cup 34th"]
[Site "Porto Carras"]
[Date "2018.10.15"]
[Round "4.3"]
[White "Buscher, Michael"]
[Black "Zymberi, Astrit"]
[Result "1-0"]
[WhiteElo "2393"]
[BlackElo "2115"]
[PlyCount "125"]
[EventDate "2018.10.12"]
[EventType "team-swiss"]
[EventRounds "7"]
[EventCountry "GRE"]
[SourceTitle "CBM 187"]
[Source "ChessBase"]
[SourceDate "2018.12.11"]
[SourceVersion "1"]
[SourceVersionDate "2018.12.11"]
[SourceQuality "1"]
[WhiteTeam "Amaytos"]
[BlackTeam "Drejtesia"]
[WhiteTeamCountry "BEL"]
[BlackTeamCountry "KOS"]

1. e4 c5 2. Nf3 e6 3. c3 Nf6 4. e5 Nd5 5. Bc4 d6 6. exd6 Bxd6 7. d4 Nc6 8. dxc5 Bxc5 9. 0-0 0-0 10. Nbd2 Nf6 11. Qe2 Be7 12. Nb3 Qc7 13. Bg5 Bd7 14. Bh4 Rac8 15. Bg3 Nd4 16. Nbxd4 Qxc4 17. Qxc4 Rxc4 18. Ne5 Rcc8 19. Nxd7 Nxd7 20. Nb5 a6 21. Nd6 Bxd6 22. Bxd6 Rfd8 23. Be7 Re8 24. Bg5 h6 25. Be3 Nf6 26. Rad1 Red8 27. Rxd8+ Rxd8 28. f3 Nd5 29. Bc1 b5 30. Kf2 g5 31. Rd1 Rc8 32. Rd4 Kg7 33. Ke2 f5 34. Bd2 Rc6 35. Kd3 Rd6 36. c4 bxc4+ 37. Kxc4 Rc6+ 38. Kd3 Kf6 39. h4 Kg6 40. hxg5 hxg5 41. b4 f4 42. g4 Kf6 43. a4 Ke5 44. Re4+ Kf6 45. Re1 Rd6 46. Kc2 Rc6+ 47. Kb3 Rc8 48. a5 Rc6 49. Re4 e5 50. Rc4 Rd6 51. Rc5 Ke6 52. b5 axb5 53. Rxb5 Kd7 54. Bc3 Kc6 55. Rb8 Nxc3 56. Rb6+ Kc5 57. Rxd6 Nb5 58. Rf6 Kd4 59. Rb6 Kc5 60. Kb2 e4 61. fxe4 Nd6 62. Rxd6 Kxd6 63. Kc3 1-0

[Event "EU-Cup 34th"]
[Site "Porto Carras"]
[Date "2018.10.14"]
[Round "3.3"]
[White "Zymberi, Astrit"]
[Black "Peoples, Jonathon"]
[Result "1-0"]
[WhiteElo "2115"]
[BlackElo "1856"]
[PlyCount "53"]
[EventDate "2018.10.12"]
[EventType "team-swiss"]
[EventRounds "7"]
[EventCountry "GRE"]
[SourceTitle "CBM 187"]
[Source "ChessBase"]
[SourceDate "2018.12.11"]
[SourceVersion "1"]
[SourceVersionDate "2018.12.11"]
[SourceQuality "1"]
[WhiteTeam "Drejtesia"]
[BlackTeam "Ballinasloe"]
[WhiteTeamCountry "KOS"]
[BlackTeamCountry "IRL"]

1. d4 Nf6 2. c4 e6 3. Nc3 Bb4 4. e3 0-0 5. Nge2 d5 6. a3 Be7 7. cxd5 exd5 8. Nf4 c6 9. Bd3 Re8 10. 0-0 Nbd7 11. f3 Nf8 12. b4 Ne6 13. Nfe2 a5 14. Rb1 Bd6 15. Kh1 Qc7 16. e4 dxe4 17. fxe4 Bxh2 18. e5 Bxe5 19. dxe5 Qxe5 20. Rf5 Qc7 21. Rxf6 gxf6 22. Ne4 Kg7 23. Qd2 Ng5 24. Nxf6 Re5 25. Ne8+ Rxe8 26. Qxg5+ Kf8 27. Bb2 1-0

[Event "EU-Cup 33rd"]
[Site "Antalya"]
[Date "2017.10.13"]
[Round "6.3"]
[White "Zymberi, Astrit"]
[Black "Cirovic, Miroljub"]
[Result "0-1"]
[WhiteElo "2161"]
[BlackElo "2095"]
[PlyCount "61"]
[EventDate "2017.10.08"]
[EventType "team-swiss"]
[EventRounds "7"]
[EventCountry "TUR"]
[SourceTitle "CBM 181"]
[Source "ChessBase"]
[SourceDate "2017.11.10"]
[SourceVersion "1"]
[SourceVersionDate "2017.11.10"]
[SourceQuality "1"]
[WhiteTeam "Pristina"]
[BlackTeam "Elektroprivreda"]
[WhiteTeamCountry "KOS"]
[BlackTeamCountry "MNE"]

1. d4 Nf6 2. c4 c5 3. d5 b5 4. Nf3 g6 5. cxb5 a6 6. b6 d6 7. Nc3 Bg7 8. a4 Qxb6 9. e4 0-0 10. a5 Qa7 11. Nd2 Nbd7 12. Nc4 Ne8 13. Na4 Nc7 14. Nab6 Rb8 15. Bd3 Ne5 16. Nxe5 Bxe5 17. 0-0 e6 18. Rb1 exd5 19. exd5 Nb5 20. Kh1 f5 21. Bh6 Re8 22. Qd2 Qf7 23. f4 Bd4 24. Rfe1 Bb7 25. Bc4 Nc7 26. b4 Rxe1+ 27. Rxe1 Re8 28. bxc5 Bxc5 29. Rxe8+ Nxe8 30. Qe2 Nc7 31. Na4 0-1

[Event "EU-Cup 33rd"]
[Site "Antalya"]
[Date "2017.10.10"]
[Round "3.3"]
[White "Fox, Anthony"]
[Black "Zymberi, Astrit"]
[Result "1/2-1/2"]
[WhiteElo "2016"]
[BlackElo "2161"]
[PlyCount "83"]
[EventDate "2017.10.08"]
[EventType "team-swiss"]
[EventRounds "7"]
[EventCountry "TUR"]
[SourceTitle "CBM 181"]
[Source "ChessBase"]
[SourceDate "2017.11.10"]
[SourceVersion "1"]
[SourceVersionDate "2017.11.10"]
[SourceQuality "1"]
[WhiteTeam "Adare"]
[BlackTeam "Pristina"]
[WhiteTeamCountry "IRL"]
[BlackTeamCountry "KOS"]

1. e4 c5 2. Nc3 e6 3. g3 d5 4. exd5 exd5 5. d4 Nf6 6. Nge2 Bg4 7. Bg2 cxd4 8. Qxd4 Nc6 9. Qa4 Bb4 10. 0-0 h6 11. Nf4 Bxc3 12. bxc3 0-0 13. Re1 Re8 14. Rxe8+ Qxe8 15. Be3 Rd8 16. Nxd5 Nxd5 17. Bxd5 Rxd5 18. Qxg4 f5 19. Qf3 Qe4 20. Qxe4 fxe4 21. Kg2 Ra5 22. f3 exf3+ 23. Kxf3 Kf7 24. Bd4 g6 25. Ke4 Ke6 26. Rf1 Ke7 27. Bg7 Rxa2 28. Kd3 h5 29. Rb1 b6 30. Rf1 Ra5 31. Ke4 Kd7 32. Rf7+ Ke8 33. Rf8+ Ke7 34. Rc8 Kd7 35. Rf8 Ne7 36. Rf7 Rf5 37. Bf6 Kc6 38. Rxe7 Rxf6 39. Rxa7 Rf2 40. Rg7 Rxc2 41. Rxg6+ Kb7 42. Kd3 1/2-1/2

[Event "EU-Cup 33rd"]
[Site "Antalya"]
[Date "2017.10.09"]
[Round "2.3"]
[White "Zymberi, Astrit"]
[Black "Bjornsson, Sigurbjorn"]
[Result "0-1"]
[WhiteElo "2161"]
[BlackElo "2277"]
[PlyCount "60"]
[EventDate "2017.10.08"]
[EventType "team-swiss"]
[EventRounds "7"]
[EventCountry "TUR"]
[SourceTitle "CBM 181"]
[Source "ChessBase"]
[SourceDate "2017.11.10"]
[SourceVersion "1"]
[SourceVersionDate "2017.11.10"]
[SourceQuality "1"]
[WhiteTeam "Pristina"]
[BlackTeam "Fjolnir"]
[WhiteTeamCountry "KOS"]
[BlackTeamCountry "ISL"]

1. d4 Nf6 2. c4 g6 3. f3 Bg7 4. e4 d6 5. Ne2 0-0 6. Be3 Nc6 7. Nbc3 a6 8. Qd2 Bd7 9. Rb1 e5 10. d5 Ne7 11. g3 c6 12. dxc6 Bxc6 13. Bg2 b5 14. b3 b4 15. Nd1 a5 16. Nf2 Qc7 17. 0-0 Rad8 18. Rfd1 Qb7 19. Qc2 Ne8 20. Rd2 f5 21. Rbd1 Kh8 22. f4 fxe4 23. fxe5 Nf5 24. Bg5 e3 25. Bxc6 exf2+ 26. Kf1 Qxc6 27. Rd5 dxe5 28. g4 Rxd5 29. Rxd5 Nf6 30. gxf5 Nxd5 0-1

[Event "EU-Cup 31st"]
[Site "Skopje"]
[Date "2015.10.21"]
[Round "4.5"]
[White "Zymberi, Astrit"]
[Black "Arkell, Keith C"]
[Result "0-1"]
[WhiteElo "2116"]
[BlackElo "2505"]
[PlyCount "44"]
[EventDate "2015.10.18"]
[EventType "team-swiss"]
[EventRounds "7"]
[EventCountry "MKD"]
[SourceTitle "CBM 169"]
[Source "ChessBase"]
[SourceDate "2015.11.10"]
[SourceVersion "1"]
[SourceVersionDate "2015.11.10"]
[SourceQuality "1"]
[WhiteTeam "Expik"]
[BlackTeam "Cheddleton"]
[WhiteTeamCountry "KOS"]
[BlackTeamCountry "ENG"]

1. d4 Nf6 2. c4 e6 3. Nc3 Bb4 4. e3 c5 5. Nge2 cxd4 6. exd4 d5 7. a3 Be7 8. cxd5 Nxd5 9. Nxd5 Qxd5 10. Nc3 Qd8 11. Bb5+ Nc6 12. 0-0 0-0 13. d5 exd5 14. Nxd5 Bd6 15. Re1 Be6 16. Nf4 Bf5 17. Be3 Be5 18. Nd5 Bxb2 19. Bc5 Bxa1 20. Bxf8 Kxf8 21. Bxc6 bxc6 22. Ne3 Bc3 0-1

[Event "EU-Cup 31st"]
[Site "Skopje"]
[Date "2015.10.19"]
[Round "2.6"]
[White "Bejatovic, Bojana"]
[Black "Zymberi, Astrit"]
[Result "0-1"]
[WhiteElo "2044"]
[BlackElo "2116"]
[PlyCount "156"]
[EventDate "2015.10.18"]
[EventType "team-swiss"]
[EventRounds "7"]
[EventCountry "MKD"]
[SourceTitle "CBM 169"]
[Source "ChessBase"]
[SourceDate "2015.11.10"]
[SourceVersion "1"]
[SourceVersionDate "2015.11.10"]
[SourceQuality "1"]
[WhiteTeam "MSK Centar"]
[BlackTeam "Expik"]
[WhiteTeamCountry "MKD"]
[BlackTeamCountry "KOS"]

1. d4 Nf6 2. e3 g6 3. Bd3 Bg7 4. f4 0-0 5. Nf3 c5 6. c3 d6 7. 0-0 Nc6 8. Nbd2 e5 9. dxe5 dxe5 10. Bb5 exf4 11. exf4 Qc7 12. Nc4 Rd8 13. Qe2 Bf5 14. Nfe5 Nxe5 15. Nxe5 a6 16. Bc4 Re8 17. Be3 Re7 18. a4 Rae8 19. Rae1 Nd7 20. Bxf7+ Rxf7 21. Nxf7 Kxf7 22. g4 Be6 23. f5 Bd5 24. fxg6+ Kg8 25. gxh7+ Kh8 26. Qd2 Qc6 27. Bh6 Rxe1 28. Bxg7+ Kxg7 29. Qxe1 Qe6 30. h8Q+ Kxh8 31. Qh4+ Kg7 32. Re1 Qf6 33. g5 Qg6 34. Re7+ Kf8 35. Re1 Kf7 36. Qf4+ Kg8 37. h4 Nf8 38. Qd2 Bc6 39. b4 Qf7 40. Qe2 cxb4 41. cxb4 Qd5 42. Qg4 Qh1+ 43. Kf2 Qh2+ 44. Ke3 Bd7 45. Qc4+ Be6 46. Qe4 Qg3+ 47. Kd2 Qd6+ 48. Kc3 Bd5 49. Qe5 Qc6+ 50. Kd2 Qc4 51. h5 Qxb4+ 52. Kc1 Qc4+ 53. Kd2 Ne6 54. Qb8+ Kh7 55. g6+ Kg7 56. Qe5+ Kf8 57. Qf6+ Ke8 58. Qf7+ Kd8 59. Qg8+ Kd7 60. Qf7+ Kd6 61. Rxe6+ Bxe6 62. Qf8+ Kc7 63. Qe7+ Kc6 64. Qf6 Qd5+ 65. Ke3 Qb3+ 66. Kd2 Qa2+ 67. Ke3 Kd7 68. h6 Qa3+ 69. Kd2 Qb4+ 70. Ke3 Qe1+ 71. Kd3 Qg3+ 72. Kd4 Qg4+ 73. Kc3 Qh3+ 74. Kb2 Qxh6 75. Qd4+ Ke8 76. Qe4 Qd2+ 77. Kb1 Qd5 78. Qc2 Bf5 0-1

[Event "Varna op-A 8th"]
[Site "Varna"]
[Date "2014.06.27"]
[Round "9"]
[White "Zymberi, Astrit"]
[Black "Barbosa, Evandro Amorim"]
[Result "0-1"]
[WhiteElo "2120"]
[BlackElo "2471"]
[PlyCount "70"]
[EventDate "2014.06.19"]
[EventType "swiss"]
[EventRounds "9"]
[EventCountry "BUL"]
[SourceTitle "CBM 161 Extra"]
[Source "ChessBase"]
[SourceDate "2014.08.29"]
[SourceVersion "1"]
[SourceVersionDate "2014.08.29"]
[SourceQuality "1"]

1. d4 Nf6 2. c4 g6 3. f3 e5 4. dxe5 Nh5 5. Nh3 Nc6 6. Bg5 Be7 7. Bxe7 Qxe7 8. g4 Ng7 9. Nc3 Qxe5 10. Qd5 Qe7 11. Qd2 Qh4+ 12. Nf2 0-0 13. Bg2 d6 14. Nd5 Ne8 15. 0-0 Be6 16. Rac1 Ne5 17. b3 c6 18. Nf4 Rd8 19. Qe3 Bc8 20. c5 Qf6 21. Ne4 Qe7 22. cxd6 Nxd6 23. Nxd6 Rxd6 24. Nd3 Re8 25. Qxe5 Qxe5 26. Nxe5 Rxe5 27. Rfd1 Rxd1+ 28. Rxd1 Be6 29. Kf2 Ra5 30. Rd2 Ra3 31. Bf1 a5 32. e4 g5 33. Rb2 Kf8 34. e5 b5 35. Rc2 Bd5 0-1

[Event "EU-Cup 29th"]
[Site "Rhodes"]
[Date "2013.10.26"]
[Round "7.5"]
[White "Judkovsky, Yair"]
[Black "Zymberi, Astrit"]
[Result "1-0"]
[WhiteElo "2348"]
[BlackElo "2132"]
[PlyCount "71"]
[EventDate "2013.10.20"]
[EventType "team-swiss"]
[EventRounds "7"]
[EventCountry "GRE"]
[SourceTitle "CBM 157"]
[Source "ChessBase"]
[SourceDate "2013.11.12"]
[SourceVersion "1"]
[SourceVersionDate "2013.11.12"]
[SourceQuality "1"]
[WhiteTeam "Kfar Saba"]
[BlackTeam "Expik"]
[WhiteTeamCountry "ISR"]
[BlackTeamCountry "KOS"]

1. e4 c5 2. Nf3 e6 3. d4 cxd4 4. Nxd4 Nc6 5. Nc3 Qc7 6. g3 a6 7. Bg2 d6 8. 0-0 Bd7 9. Re1 Be7 10. Nxc6 Bxc6 11. Qg4 h5 12. Qe2 h4 13. a4 hxg3 14. hxg3 Kf8 15. a5 Nf6 16. Be3 g6 17. Bb6 Qd7 18. Rad1 e5 19. Nd5 Bxd5 20. exd5 Bd8 21. c4 Bxb6 22. axb6 a5 23. c5 dxc5 24. Qxe5 Kg7 25. d6 Rh5 26. Qe7 Qf5 27. Qxb7 Rah8 28. Qf3 Qg5 29. d7 Rd8 30. b7 Qh6 31. b8Q Rxb8 32. d8Q Rxd8 33. Rxd8 Rf5 34. Qe3 Qh5 35. Qe7 Ng4 36. Qf8+ 1-0